<?xml version="1.0" encoding="UTF-8"?>
<record
    xmlns:xsi="http://www.w3.org/2001/XMLSchema-instance"
    xsi:schemaLocation="http://www.loc.gov/MARC21/slim http://www.loc.gov/standards/marcxml/schema/MARC21slim.xsd"
    xmlns="http://www.loc.gov/MARC21/slim">

  <leader>01246cam a2200313 a 4500</leader>
  <controlfield tag="001">sa 68014219 </controlfield>
  <controlfield tag="003">DLC</controlfield>
  <controlfield tag="005">20260227112629.0</controlfield>
  <controlfield tag="008">950213s1967    ii       b    001 0 sano </controlfield>
  <datafield tag="010" ind1=" " ind2=" ">
    <subfield code="a">sa 68014219 </subfield>
  </datafield>
  <datafield tag="035" ind1=" " ind2=" ">
    <subfield code="a">(OCoLC)31978208</subfield>
  </datafield>
  <datafield tag="040" ind1=" " ind2=" ">
    <subfield code="a">DLC</subfield>
    <subfield code="c">DLC</subfield>
  </datafield>
  <datafield tag="050" ind1="0" ind2="0">
    <subfield code="a">PK2916</subfield>
    <subfield code="b">.V577 1967</subfield>
  </datafield>
  <datafield tag="100" ind1="0" ind2=" ">
    <subfield code="a">Vi&#x15B;van&#x101;tha Kavir&#x101;ja.</subfield>
  </datafield>
  <datafield tag="240" ind1="1" ind2="0">
    <subfield code="a">S&#x101;hityadarpana</subfield>
  </datafield>
  <datafield tag="245" ind1="1" ind2="0">
    <subfield code="a">S&#x101;hity&#x101;darpa&#x1E47;a&#x1E25; :</subfield>
    <subfield code="b">sa&#x1E6D;ippa&#x1E47;a "Lak&#x1E63;m&#x12B;" vy&#x101;khy&#x101;vibh&#x16B;&#x1E63;ita&#x1E25; /</subfield>
    <subfield code="c">Vi&#x15B;van&#x101;thakavir&#x101;japra&#x1E47;&#x12B;ta&#x1E25; ; vy&#x101;khy&#x101;k&#x101;ra&#x1E25; Kr&#x325;&#x1E63;&#x1E47;amohana&#x15B;&#x101;str&#x12B;.</subfield>
  </datafield>
  <datafield tag="246" ind1="1" ind2="5">
    <subfield code="a">S&#x101;hityadarpa&#x1E47;a of &#x15A;r&#x12B; Vi&#x15B;van&#x101;tha Kavir&#x101;ja</subfield>
  </datafield>
  <datafield tag="250" ind1=" " ind2=" ">
    <subfield code="a">Sa&#x1E43;skara&#x1E47;a 3.</subfield>
  </datafield>
  <datafield tag="260" ind1=" " ind2=" ">
    <subfield code="a">V&#x101;r&#x101;&#x1E47;as&#x12B; :</subfield>
    <subfield code="b">Caukhamb&#x101; Sa&#x1E43;skr&#x325;ta S&#x12B;r&#x12B;ja &#x101;phisa,</subfield>
    <subfield code="c">1967.</subfield>
  </datafield>
  <datafield tag="300" ind1=" " ind2=" ">
    <subfield code="a">60, 11, 871 p. ;</subfield>
    <subfield code="c">23 cm.</subfield>
  </datafield>
  <datafield tag="490" ind1="1" ind2=" ">
    <subfield code="a">K&#x101;&#x15B;&#x12B; Sa&#x1E43;skr&#x325;ta grantham&#x101;l&#x101; ;</subfield>
    <subfield code="v">145.</subfield>
    <subfield code="a">Ala&#x1E45;k&#x101;ravibh&#x101;ge ;</subfield>
    <subfield code="v">6. pu&#x1E63;pam</subfield>
  </datafield>
  <datafield tag="546" ind1=" " ind2=" ">
    <subfield code="a">In Sanskrit.</subfield>
  </datafield>
  <datafield tag="504" ind1=" " ind2=" ">
    <subfield code="a">Includes bibliographical references and index.</subfield>
  </datafield>
  <datafield tag="650" ind1=" " ind2="0">
    <subfield code="a">Sanskrit poetry</subfield>
    <subfield code="x">History and criticism.</subfield>
  </datafield>
  <datafield tag="650" ind1=" " ind2="0">
    <subfield code="a">Poetics.</subfield>
  </datafield>
  <datafield tag="700" ind1="1" ind2="2">
    <subfield code="a">Thakur, Krishna Mohan,</subfield>
    <subfield code="d">1919-</subfield>
    <subfield code="t">Lak&#x1E63;m&#x12B;.</subfield>
  </datafield>
  <datafield tag="830" ind1=" " ind2="0">
    <subfield code="a">K&#x101;&#x15B;&#x12B; Sa&#x1E43;skr&#x325;ta grantham&#x101;l&#x101; ;</subfield>
    <subfield code="v">145.</subfield>
  </datafield>
  <datafield tag="830" ind1=" " ind2="0">
    <subfield code="a">K&#x101;&#x15B;&#x12B; Sa&#x1E43;skr&#x325;ta grantham&#x101;l&#x101;.</subfield>
    <subfield code="p">Ala&#x1E45;k&#x101;ravibh&#x101;ga ;</subfield>
    <subfield code="v">6. pu&#x1E63;pam.</subfield>
  </datafield>
  <datafield tag="999" ind1=" " ind2=" ">
    <subfield code="c">85626</subfield>
    <subfield code="d">85626</subfield>
  </datafield>
</record>
